Introduction to autonomous mobile robots (Record no. 13473)

000 -LEADER
fixed length control field 00473nam a22001817a 4500
020 ## - INTERNATIONAL STANDARD BOOK NUMBER
International Standard Book Number 9788120343221
082 ## - DEWEY DECIMAL CLASSIFICATION NUMBER
Classification number 629.892 SIE
100 ## - MAIN ENTRY--PERSONAL NAME
Personal name Roland Siegwart
245 ## - TITLE STATEMENT
Title Introduction to autonomous mobile robots
250 ## - EDITION STATEMENT
Edition statement 2nd ed.
260 ## - PUBLICATION, DISTRIBUTION, ETC.
Place of publication, distribution, etc. New Delhi
Name of publisher, distributor, etc. PHI Learning Private Limited
Date of publication, distribution, etc. 2011
300 ## - PHYSICAL DESCRIPTION
Extent 453p.
Other physical details ill.
650 ## - SUBJECT ADDED ENTRY--TOPICAL TERM
Topical term or geographic name entry element Mobile robots
650 ## - SUBJECT ADDED ENTRY--TOPICAL TERM
Topical term or geographic name entry element Autonomous robots
700 ## - ADDED ENTRY--PERSONAL NAME
Personal name Nourbakhsh, Illah Reza,
700 ## - ADDED ENTRY--PERSONAL NAME
Personal name Scaramuzza, Davide
942 ## - ADDED ENTRY ELEMENTS (KOHA)
Koha item type Book
Holdings
Withdrawn status Lost status Damaged status Not for loan Collection code Permanent Location Current Location Shelving location Date acquired Source of acquisition Cost, normal purchase price Total Checkouts Total Renewals Full call number Barcode Date last seen Date last checked out Price effective from Koha item type
          Central Library (CL) Central Library (CL) General Stacks 03/17/2016 Allied Book Company 673.20 6 1 629.892 SIE SEECS013377 02/17/2026 09/26/2024 03/17/2016 Book
© 2023 Central Library, National University of Sciences and Technology. All Rights Reserved.